MARC details
| 000 -LEADER |
| fixed length control field |
02302cas a2200613 4500 |
| 001 - CONTROL NUMBER |
| control field |
3828373 |
| 003 - CONTROL NUMBER IDENTIFIER |
| control field |
AUA.1 |
| 005 - DATE AND TIME OF LATEST TRANSACTION |
| control field |
20250528130106.0 |
| 008 - FIXED-LENGTH DATA ELEMENTS--GENERAL INFORMATION |
| fixed length control field |
250528c19789999dcuwr1p 0 a0eng |
| 010 ## - LIBRARY OF CONGRESS CONTROL NUMBER |
| LC control number |
78642351 //r84 |
| 022 0# - INTERNATIONAL STANDARD SERIAL NUMBER |
| International Standard Serial Number |
0161-1119 |
| 032 ## - POSTAL REGISTRATION NUMBER |
| Postal registration number |
957640 |
| 035 ## - SYSTEM CONTROL NUMBER |
| System control number |
.b13048417 |
| 035 ## - SYSTEM CONTROL NUMBER |
| System control number |
FAX00147887 |
| 040 ## - CATALOGING SOURCE |
| Original cataloging agency |
DLC |
| Transcribing agency |
DLC |
| Modifying agency |
NSDP |
| -- |
DLC |
| -- |
NSDP |
| -- |
m.c. |
| -- |
NSDP |
| -- |
DLC |
| -- |
MBTI |
| -- |
NSDP |
| 042 ## - AUTHENTICATION CODE |
| Authentication code |
lc |
| -- |
nsdp |
| 049 ## - LOCAL HOLDINGS (OCLC) |
| Holding library |
EXNZ |
| 050 00 - LIBRARY OF CONGRESS CALL NUMBER |
| Classification number |
BX6101 |
| Item number |
.A3 |
| 082 ## - DEWEY DECIMAL CLASSIFICATION NUMBER |
| Classification number |
286/.73 |
| 099 ## - LOCAL FREE-TEXT CALL NUMBER (OCLC) |
| Classification number |
Shelved by Title: |
| 222 70 - KEY TITLE |
| Key title |
Adventist review. |
| 245 00 - TITLE STATEMENT |
| Title |
Adventist review. |
| 246 70 - VARYING FORM OF TITLE |
| Title proper/short title |
Adventist review. |
| 246 70 - VARYING FORM OF TITLE |
| Title proper/short title |
Review and herald. |
| 247 70 - FORMER TITLE |
| Title |
Review and herald. |
| 260 ## - PUBLICATION, DISTRIBUTION, ETC. (IMPRINT) |
| Place of publication, distribution, etc |
Silver Spring, MD |
| Name of publisher, distributor, etc |
General Conference of Seventh-day Adventists |
| Date of publication, distribution, etc |
2024 |
| 265 ## - SOURCE FOR ACQUISITION/SUBSCRIPTION ADDRESS [OBSOLETE] |
| Source for acquisition/subscription address [OBSOLETE] |
Review and Herald Publishing Association, 55 West Oak Ridge Drive, Hagerstown, Md. 21740. |
| 300 ## - PHYSICAL DESCRIPTION |
| Extent |
72p.; |
| Other physical details |
col ill. |
| Dimensions |
24 cm. |
| 310 ## - CURRENT PUBLICATION FREQUENCY |
| Current publication frequency |
Monthly |
| 350 ## - PRICE (NR) (BK AM CF MU VM SE) [OBSOLETE] |
| Price |
$30.95. |
| 440 ## - SERIES STATEMENT/ADDED ENTRY--TITLE |
| 9 (RLIN) |
40627 |
| Volume number/sequential designation |
Vol. 196 |
| Title |
Discipline and grace: Hand in hand |
| Number of part/section of a work |
March 2024 |
| 500 ## - GENERAL NOTE |
| General note |
Website: www.adventistreview.org. |
| 505 ## - FORMATTED CONTENTS NOTE |
| Formatted contents note |
Win-win |
| Statement of responsibility |
Jeffrey O. Brown |
| 505 ## - FORMATTED CONTENTS NOTE |
| Formatted contents note |
Counting sheep |
| Statement of responsibility |
Gerson P. Santos |
| 505 ## - FORMATTED CONTENTS NOTE |
| Formatted contents note |
Christ love in action |
| Statement of responsibility |
Mark Standey |
| 505 ## - FORMATTED CONTENTS NOTE |
| Formatted contents note |
The duty to discipline |
| Statement of responsibility |
Johann Heinz |
| 505 ## - FORMATTED CONTENTS NOTE |
| Formatted contents note |
Understanding the Trinity |
| Statement of responsibility |
John Peckham |
| 505 ## - FORMATTED CONTENTS NOTE |
| Formatted contents note |
Death of Christ |
| Statement of responsibility |
Ellen G. White |
| 505 ## - FORMATTED CONTENTS NOTE |
| Formatted contents note |
Walking with Christ |
| Statement of responsibility |
Merle Poirier |
| 505 ## - FORMATTED CONTENTS NOTE |
| Formatted contents note |
Seasons |
| Statement of responsibility |
La Etta Sandoval |
| 505 ## - FORMATTED CONTENTS NOTE |
| Formatted contents note |
The good old review |
| Statement of responsibility |
Merle Poirier |
| 505 ## - FORMATTED CONTENTS NOTE |
| Formatted contents note |
The great central subject |
| Statement of responsibility |
Uriah Smith |
| 505 ## - FORMATTED CONTENTS NOTE |
| Formatted contents note |
Adventist Schools: "YES" or "NO" |
| 505 ## - FORMATTED CONTENTS NOTE |
| Formatted contents note |
Augustin and Daniel Bourdeau |
| Statement of responsibility |
Denis Fortin |
| 550 ## - ISSUING BODY NOTE |
| Issuing body note |
General organ of the Seventh-Day Adventist Church. |
| 610 20 - SUBJECT ADDED ENTRY--CORPORATE NAME |
| Corporate name or jurisdiction name as entry element |
Seventh-day Adventists |
| General subdivision |
Periodicals. |
| 9 (RLIN) |
40628 |
| 650 ## - SUBJECT ADDED ENTRY--TOPICAL TERM |
| Topical term or geographic name as entry element |
Seventh-day adventist Publications |
| 9 (RLIN) |
40629 |
| 690 ## - LOCAL SUBJECT ADDED ENTRY--TOPICAL TERM (OCLC, RLIN) |
| Topical term or geographic name as entry element |
Seventh-day Adventist publications. |
| 9 (RLIN) |
40630 |
| 700 ## - ADDED ENTRY--PERSONAL NAME |
| Personal name |
Bill Knott |
| Relator term |
Executive Editor |
| 9 (RLIN) |
40631 |
| 710 20 - ADDED ENTRY--CORPORATE NAME |
| Corporate name or jurisdiction name as entry element |
General Conference of Seventh-day Adventists. |
| Subordinate unit |
Adventist Review. |
| 9 (RLIN) |
40632 |
| 780 70 - PRECEDING ENTRY |
| Title |
Advent review and Sabbath herald (ends with 1977) |
| International Standard Serial Number |
0095-2397. |
| 856 ## - ELECTRONIC LOCATION AND ACCESS |
| Uniform Resource Identifier |
<a href="http://www.adventistreview.org/">http://www.adventistreview.org/</a> |
| Public note |
Adventist Review Website |
| 942 ## - ADDED ENTRY ELEMENTS (KOHA) |
| Source of classification or shelving scheme |
Library of Congress Classification |
| Koha item type |
Periodical |
| Classification part |
BX 6101 |
| Item part |
.A3 2024 |